000 00612nam a2200241 a 4500
001 0001-1293
003 ELIB.Books
008 150702 2010 eng
020 _a9780849919633
035 _a(ELIB.Books)0001-1448
092 _a248.4
_bZig
100 _aZiglar, Zig.
245 _aGod's Way Is Still the Best Way
260 _aNashville
_bThomas Nelson Publishers
_c2007
300 _a165
_c23.5 Cm
500 _aLibrary
650 _aChristian Life
856 _nKBTS: Library
_uKBTS: Elib
942 _2ddc
_cBK
990 _a1
998 _cbat
_e2015-07-02
999 _c11293
_d11293